Nothing can keep us together : (Record no. 332302)

000 -LEADER
fixed length control field 01521cam a2200313 a 4500
001 - CONTROL NUMBER
control field 13973240
003 - CONTROL NUMBER IDENTIFIER
control field NUST
005 - DATE AND TIME OF LATEST TRANSACTION
control field 20171123101324.0
008 - FIXED-LENGTH DATA ELEMENTS--GENERAL INFORMATION
fixed length control field 050518s2005 nyu d 000 1 eng
010 ## - LIBRARY OF CONGRESS CONTROL NUMBER
LC control number 2005014493
020 ## - INTERNATIONAL STANDARD BOOK NUMBER
International Standard Book Number 9780747576105 (pbk)
040 ## - CATALOGING SOURCE
Original cataloging agency DLC
Transcribing agency DLC
Modifying agency DLC
042 ## - AUTHENTICATION CODE
Authentication code lcac
050 00 - LIBRARY OF CONGRESS CALL NUMBER
Classification number PZ7.V94
Item number Not 2005
082 00 - DEWEY DECIMAL CLASSIFICATION NUMBER
Classification number 823
Author Mark VON
100 1# - MAIN ENTRY--PERSONAL NAME
Personal name Von Ziegesar, Cecily.
9 (RLIN) 6712
245 10 - TITLE STATEMENT
Title Nothing can keep us together :
Remainder of title a Gossip Girl novel /
Statement of responsibility, etc. by Cecily Von Ziegesar.
250 ## - EDITION STATEMENT
Edition statement 1st ed.
260 ## - PUBLICATION, DISTRIBUTION, ETC.
Place of publication, distribution, etc. New York :
Name of publisher, distributor, etc. Little, Brown,
Date of publication, distribution, etc. 2005.
300 ## - PHYSICAL DESCRIPTION
Extent 218, 9 p.;
Dimensions 21 cm.
520 ## - SUMMARY, ETC.
Summary, etc. Only two weeks remain until graduation and there are more than a few surprises in store for the senior girls at an exclusive private high school in New York City, as they fill their last days together with boys, gossip, parties, and shopping.
650 #1 - SUBJECT ADDED ENTRY--TOPICAL TERM
Topical term or geographic name entry element Interpersonal relations
Form subdivision Fiction.
9 (RLIN) 6713
650 #1 - SUBJECT ADDED ENTRY--TOPICAL TERM
Topical term or geographic name entry element High schools
Form subdivision Fiction.
9 (RLIN) 6714
650 #1 - SUBJECT ADDED ENTRY--TOPICAL TERM
Topical term or geographic name entry element Schools
Form subdivision Fiction.
9 (RLIN) 6715
650 #1 - SUBJECT ADDED ENTRY--TOPICAL TERM
Topical term or geographic name entry element Wealth
Form subdivision Fiction.
9 (RLIN) 6716
651 #1 - SUBJECT ADDED ENTRY--GEOGRAPHIC NAME
Geographic name New York (N.Y.)
Form subdivision Fiction.
9 (RLIN) 4634
856 42 - ELECTRONIC LOCATION AND ACCESS
Materials specified Contributor biographical information
Uniform Resource Identifier <a href="http://www.loc.gov/catdir/enhancements/fy0742/2005014493-b.html">http://www.loc.gov/catdir/enhancements/fy0742/2005014493-b.html</a>
906 ## - LOCAL DATA ELEMENT F, LDF (RLIN)
a 7
b cbc
c orignew
d 1
e ecip
f 20
g y-gencatlg
942 ## - ADDED ENTRY ELEMENTS (KOHA)
Source of classification or shelving scheme
Koha item type Book
Holdings
Withdrawn status Lost status Source of classification or shelving scheme Damaged status Not for loan Permanent Location Current Location Shelving location Date acquired Total Checkouts Full call number Barcode Date last seen Copy number Price effective from Koha item type
          Central Library (CL) Central Library (CL) Fiction 11/23/2017   813.6 VON CL1200 11/23/2017 1 11/23/2017 Book
© 2023 Central Library, National University of Sciences and Technology. All Rights Reserved.